| 000 | 05803nam a22005657a 4500 | ||
|---|---|---|---|
| 005 | 20120117101434.0 | ||
| 010 | _aB-469597-625 | ||
| 020 |
_a8173011804 _c140.00 |
||
| 020 |
_a9781730118043 _c140.00 |
||
| 035 | _aB-469597-625 | ||
| 037 |
_aDPL _bBlue Berry/Ven |
||
| 082 | _a550 | ||
| 100 |
_aChawla, Anuj _954335 |
||
| 245 |
_aThe Earth / _cby Anuj Chawla |
||
| 260 |
_aNew Delhi _bDreamland _c2011 |
||
| 270 |
_aJ-128, Kirti Nagar _bNew Delhi _e110015 _k011-25106050 _l011-25438283 _mdreamland@vsnl.com |
||
| 300 |
_a64p. _bCOL.ill _c28 cm |
||
| 490 |
_aKnow About Science _954336 |
||
| 942 |
_2ddc _cCH _mCHA _h550 |
||
| 999 |
_c61030 _d61030 |
||